Laufey Lyrics - Forget-Me-Not - Statistics

General Stats
  • This quiz has been taken 26 times
  • The average score is 80 of 121
Answer Stats
Lyrics % Correct
me
100%
I
93%
in
93%
Love
93%
my
93%
of
93%
to
93%
you
93%
you,
93%
your
93%
a
87%
die
87%
forever,
87%
don’t
80%
go
80%
if
80%
I’ll
80%
let
80%
chase
73%
homeland
73%
left
73%
memory
73%
own
73%
reverie
73%
wither
73%
beach
67%
breath
67%
chin,
67%
hear
67%
Hold
67%
It’s
67%
Nothing
67%
on
67%
sand
67%
the
67%
The
67%
up
67%
alright
60%
black
60%
child
60%
deep
60%
Has
60%
I’m
60%
I’ve
60%
miss
60%
All
53%
body
53%
cheeks
53%
cold
53%
come
53%
easily
53%
having
53%
Here
53%
him
53%
kiss
53%
sacrificed
53%
still
53%
Stone
53%
that
53%
wind
53%
worth
53%
aldrei
47%
aldrei,
47%
begin
47%
Bends
47%
completely
47%
Gleymdu
47%
mér
47%
Millions
47%
missing
47%
elskan
40%
flýg
40%
hope
40%
now
40%
plight
40%
soliloquy
40%
spring
40%
ég
33%
héðan
33%
mín
33%
þó
27%
No matching quizzes found
Score Distribution
Percent of People with Each Score
Percentile by Number Answered
Your Score History
You have not taken this quiz